000 01040cab a2200361 4500
001 ABS46246
008 090401t1992 xxu||||| |||| 00| 0 eng d
035 _a(Sirsi) u57342
041 _aeng
100 _aMoore, S.
245 4 _aThe Docklands cases
260 _c1992
350 _a0
490 _aSolicitors` Journal
_v136(17) 1 May 1992, 406-407(2)
520 _aClarifies the legal basis of action taken by residents in the Docklands affected by noise and dust emanating from construction works. Explains private nuisance and public nuisance.
650 _aDUST
650 _aLDDC
650 _aLONDON DOCKLANDS
650 _aLONDON REGIONAL TRANSPORT
650 _aNOISE
650 _aNUISANCE
650 _aOLYMPIA & YORK
650 _aPOPLAR
650 _aPRIVATE NUISANCE
650 _aPUBLIC NUISANCE
650 _aTELEVISION INTERFERENCE
650 _aWAPPING
690 _aPROPERTY-PROPERTY DEVELOPMENT
690 _aECONOMIC AND SOCIAL
690 _aLAW
942 _n0
948 _c04/03/1997
999 _c34952
_d34952